Missing Word: 'J' Actor Movies Quiz Stats

 Plays Quiz Updated Nov 7, 2015

Challenge
Share
Tweet
Embed
Score 0/30 Timer 03:00
2 Plays Today
Hint Answer % Correct
Samuel L. JacksonPulp
97.4%
Samuel L. JacksonPlane
95.8%
Tommy Lee JonesCountry
95.8%
Hugh JackmanMisérables
95%
Angelina JolieSmith
94.3%
Angelina JolieCroft
93.6%
Milla JovovichDazed
92.5%
Tommy Lee JonesBlack
89.8%
Tommy Lee JonesKillers
88.8%
Scarlett JohanssonTranslation
88.7%
Milla JovovichFifth
88.4%
Angelina JolieGirl
86.5%
Angelina JolieBone
82.5%
Milla JovovichResident
77.2%
Milla JovovichMusketeers
72.2%
Hint Answer % Correct
Hugh JackmanHelsing
71.9%
Tommy Lee JonesBatman
69.8%
Samuel L. JacksonJackie
68%
Hugh JackmanKate
65.5%
Hugh JackmanFuture
65.3%
Samuel L. JacksonGoodnight
65%
Scarlett JohanssonVicky
64.8%
Samuel L. JacksonJurassic
59%
Scarlett JohanssonUltron
52.4%
Milla JovovichDeed
39%
Hugh JackmanSteel
31.8%
Scarlett JohanssonNanny
31.6%
Tommy Lee JonesElah
28.1%
Scarlett JohanssonMatch
28.1%
Angelina JolieTaking
10.7%

Today's Daily Dose

You're not logged in!

Compare scores with friends on all Sporcle quizzes.
OR
Log In

You Might Also Like...

Show Comments

Extras

Top Quizzes Today


Score Distribution

Your Account Isn't Verified!

In order to create a playlist on Sporcle, you need to verify the email address you used during registration. Go to your Sporcle Settings to finish the process.

Report this User

Report this user for behavior that violates our Community Guidelines.

Details: